I survived the Battle of Gettysburg, 1863 / (Record no. 4300)

MARC details
000 -LEADER
fixed length control field 02044cam a22004217a 4500
001 - CONTROL NUMBER
control field 4300
003 - CONTROL NUMBER IDENTIFIER
control field FISKH
005 - DATE AND TIME OF LATEST TRANSACTION
control field 20240715084739.0
008 - FIXED-LENGTH DATA ELEMENTS--GENERAL INFORMATION
fixed length control field 130506s2013 nyua j b 000 1 eng d
010 ## - LIBRARY OF CONGRESS CONTROL NUMBER
LC control number 2012285655
020 ## - INTERNATIONAL STANDARD BOOK NUMBER
International Standard Book Number 9780545459365 (pbk.)
020 ## - INTERNATIONAL STANDARD BOOK NUMBER
International Standard Book Number 0545459362 (pbk.)
020 ## - INTERNATIONAL STANDARD BOOK NUMBER
International Standard Book Number 9781451788136 (Paw Prints)
020 ## - INTERNATIONAL STANDARD BOOK NUMBER
International Standard Book Number 1451788134 (Paw Prints)
040 ## - CATALOGING SOURCE
Original cataloging agency YDXCP
Transcribing agency YDXCP
Language of cataloging eng
050 ## - LIBRARY OF CONGRESS CALL NUMBER
Classification number PZ7.T211115
082 ## - DEWEY DECIMAL CLASSIFICATION NUMBER
Classification number 813.6
100 1# - MAIN ENTRY--PERSONAL NAME
Personal name Tarshis, Lauren.
245 10 - TITLE STATEMENT
Title I survived the Battle of Gettysburg, 1863 /
Statement of responsibility, etc. by Lauren Tarshis ; illustrated by Scott Dawson.
260 ## - PUBLICATION, DISTRIBUTION, ETC.
Place of publication, distribution, etc. New York :
Name of publisher, distributor, etc. Scholastic,
Date of publication, distribution, etc. 2013.
300 ## - PHYSICAL DESCRIPTION
Extent 89 pages :
Other physical details illustrations ;
Dimensions 20 cm
490 1# - SERIES STATEMENT
Series statement I survived
500 ## - GENERAL NOTE
General note Includes "a trip back in time, questions and answers about the Civil War, and more''.
504 ## - BIBLIOGRAPHY, ETC. NOTE
Bibliography, etc. note Includes bibliographical references.
505 ## - FORMATTED CONTENTS NOTE
Formatted contents note Q<br/>
520 ## - SUMMARY, ETC.
Summary, etc. "It's 1863, and Thomas and his little sister, Birdie, have fled the farm where they were born and raised as slaves. Following the North Star, looking for freedom, they soon cross paths with a Union soldier. Everything changes: Corporal Henry Green brings Thomas and Birdie back to his regiment, and suddenly it feels like they've found a new home. Best of all, they don't have to find their way north alone--they're marching with the army. But then orders come through: the men are called to battle in Pennsylvania. Thomas has made it so far... but does he have what it takes to survive Gettysburg?"--P. [4] of cover.
521 ## - TARGET AUDIENCE NOTE
Target audience note 660<br/>
Source Lexile<br/>
521 ## - TARGET AUDIENCE NOTE
Target audience note Q<br/>
Source Raz-Plus<br/>
650 #0 - SUBJECT ADDED ENTRY--TOPICAL TERM
Topical term or geographic name entry element Gettysburg, Battle of, Gettysburg, Pa., 1863
Form subdivision Juvenile fiction.
650 #0 - SUBJECT ADDED ENTRY--TOPICAL TERM
Topical term or geographic name entry element Enslaved children
Form subdivision Juvenile fiction.
650 #1 - SUBJECT ADDED ENTRY--TOPICAL TERM
Topical term or geographic name entry element Gettysburg, Battle of, Gettysburg, Pa., 1863
Form subdivision Fiction.
650 #1 - SUBJECT ADDED ENTRY--TOPICAL TERM
Topical term or geographic name entry element Enslaved persons
Geographic subdivision America
General subdivision History
Form subdivision Fiction.
700 1# - ADDED ENTRY--PERSONAL NAME
Personal name Dawson, Scott,
Relator term illustrator
800 1# - SERIES ADDED ENTRY--PERSONAL NAME
Personal name Tarshis, Lauren.
Title of a work I survived
906 ## - LOCAL DATA ELEMENT F, LDF (RLIN)
a 7
b cbc
c copycat
d 2
e ncip
f 20
g y-gencatlg
942 ## - ADDED ENTRY ELEMENTS (KOHA)
Source of classification or shelving scheme Dewey Decimal Classification
Koha item type Books
Suppress in OPAC No
Holdings
Withdrawn status Lost status Source of classification or shelving scheme Damaged status Not for loan Collection Home library Current library Shelving location Date acquired Total Checkouts Full call number Barcode Date last seen Price effective from Koha item type
    Dewey Decimal Classification     Juvenile Fiction Footprints International School Library Network Toul Kork Campus Footprints International School Library Network Toul Kork Campus TK Primary Library Room(4th Floor), Bookcase 5&6, Shelves 33-56, Orange Books 07/15/2024   TAR 813.6 PZ7.T211115 FISTK00256 07/15/2024 07/15/2024 Books